000 01452nam a22003017a 4500
001 8230
003 FISKH
005 20250904102338.0
008 250904b cb ||||| |||| 00| 0 eng d
020 _a9780070579279
040 _aFISKH
_beng
_cFISKH
_dFISKH
050 _a QH541.T8 S48
082 _a577.586
100 _aM.Silver, Donald
_d(1947-)
245 _aOne small square :
_bArctic Tundra /
_cBy Donald M.Silver ; illustrated by Patricia J.Wynne
250 _aThis edition first published in 1994
260 _aNew York :
_bLearning,
_c1994
300 _a48 pages :
_bcolor illustrations ;
_c23 cm
505 _aW
520 _aIt's a land of riddles, where a winter night can last for weeks and where the ground is full of water though it rarely rains or snows. Bears, hares, wolves, and foxes roam the ice-crusted earth, as flowers follow the sun as it moves across the sky. Young readers may never come to the Arctic tundra, but now it can come to them--in a book chock full of fun-to-do experiments and activities for children ages 6 and up that help them to solve some of the mysteries of this strange and forbidding world. Arctic Tundra includes a picture field guide, a glossary-index, and a resource list.
521 8 _a830
_bLexile
521 8 _aW
_bRaz-Plus
650 _2Arctic
_aHabitats
650 _2Nature study
_aScience
700 _aJ.Wynne, Patricia
_dillustrator
942 _2ddc
_cBK
_n0
999 _c8230
_d8230